000 01427nam a2200265Ia 4500
003 OSt
005 20220930094741.0
006 a|||||r|||| 00| 0
007 ta
008 220926b |||||||| |||| 00| 0 hin d
024 _a10444
037 _cTheses
040 _aCRL
_cCRL
_bhin
041 _2hin
_ahin
100 _aचौधरी, विजेता, ले.
110 _aदिल्ली विश्वविद्यालय. संगीत एवं ललित कला संकाय फ. संगीत विभाग
_9556195
245 0 _aअत्याधुनिक काल में हिन्दुस्तानी शास्त्रीय संगीत की प्रचलित गेय विधाओं में समन्वित परिवर्तन
_b एक समीक्षात्मक विवेचन
246 _aAtyādhunik kāl mean hindustānī shāstrīya sangīt kī prachalit geya vidhāoan mean samanvit parivartana: ek samīkṣhātmak vivechana
260 _c2012
300 _a206पृ0
_ap.
_ccm.
650 _aभारतीय संगीत
700 _aदिल्ली विश्वविद्यालय. संगीत एवं ललित कला संकाय फ. संगीत विभाग
_9556196
942 _cDIS
_2CC
999 _c887613
_d887613